UM Logo

Speech and oral communication for college students/ (Record no. 1971)

MARC details
000 -LEADER
fixed length control field 00570nam a22001817a 4500
008 - FIXED-LENGTH DATA ELEMENTS--GENERAL INFORMATION
fixed length control field 160426b xxu||||| |||| 00| 0 eng d
020 ## - INTERNATIONAL STANDARD BOOK NUMBER
International Standard Book Number 971086565x
082 ## - DEWEY DECIMAL CLASSIFICATION NUMBER
Edition number 2005
Classification number DFil 808.5
Item number D54
100 ## - MAIN ENTRY--PERSONAL NAME
9 (RLIN) 6325
Personal name Diaz, Rafaela H.
245 ## - TITLE STATEMENT
Title Speech and oral communication for college students/
Statement of responsibility, etc. Rafaela H. Diaz
260 ## - PUBLICATION, DISTRIBUTION, ETC. (IMPRINT)
Place of publication, distribution, etc. Mandaluyong City:
Name of publisher, distributor, etc. National Book Store,
Date of publication, distribution, etc. c2005.
300 ## - PHYSICAL DESCRIPTION
Extent 177 pages:
Other physical details illustrations;
Dimensions 23 cm.
500 ## - GENERAL NOTE
General note Include bibliography.
650 #0 - SUBJECT ADDED ENTRY--TOPICAL TERM
9 (RLIN) 6323
Topical term or geographic name as entry element Public speaking
650 #0 - SUBJECT ADDED ENTRY--TOPICAL TERM
9 (RLIN) 6324
Topical term or geographic name as entry element Speech
365 ## - TRADE PRICE
Price type code 296.00
Price amount Php.
942 ## - ADDED ENTRY ELEMENTS (KOHA)
Source of classification or shelving scheme Dewey Decimal Classification
Koha item type Filipiniana
Holdings
Withdrawn status Lost status Source of classification or shelving scheme Damaged status Not for loan Collection code Home library Current library Shelving location Date acquired Source of acquisition Total Checkouts Full call number Barcode Date last seen Date last checked out Cost, replacement price Price effective from Koha item type
    Dewey Decimal Classification     Filipiniana UM Digos College - LIC UM Digos College - LIC Book Cart 09/26/2005 Purchased 17 DFil 808.5 D54 2005 18270 06/08/2021 09/11/2018 296.00 04/26/2016 Filipiniana